[Event "Samara op rapid"]
[Site "Samara"]
[Date "2012.12.09"]
[Round "6"]
[White "Kniazev, Alexander V"]
[Black "Orlov, Nikolay I"]
[Result "0-1"]
[WhiteElo "2237"]
[BlackElo "2285"]
[PlyCount "78"]
[EventDate "2012.12.08"]
[EventType "swiss (rapid)"]
[EventRounds "9"]
[EventCountry "RUS"]
[SourceTitle "EXT 2015"]
[Source "ChessBase"]
[SourceDate "2014.11.20"]
[SourceVersion "1"]
[SourceVersionDate "2014.11.20"]
[SourceQuality "1"]

1. e4 c5 2. Nf3 e6 3. d4 cxd4 4. Nxd4 a6 5. Bd3 Qb6 6. Nb3 Qc7 7. Be3 Nf6 8. f4 d6 9. Qf3 Be7 10. g4 d5 11. e5 Ne4 12. N1d2 Nxd2 13. Bxd2 Nd7 14. 0-0-0 a5 15. Nd4 Nc5 16. Rhe1 Bd7 17. f5 a4 18. a3 Nb3+ 19. Nxb3 axb3 20. Kb1 bxc2+ 21. Bxc2 Qb6 22. Be3 Rxa3 23. Bxb6 Rxf3 24. Rf1 Rxf1 25. Rxf1 Bb5 26. Rf2 0-0 27. f6 gxf6 28. exf6 Bd6 29. g5 e5 30. h4 d4 31. Be4 Bc6 32. Bc2 Ra8 33. h5 Ra6 34. Bd8 e4 35. g6 Bd5 36. Rg2 d3 37. gxf7+ Kxf7 38. Rg7+ Ke6 39. Bd1 Ba2+ 0-1

[Event "Samara op rapid"]
[Site "Samara"]
[Date "2012.12.08"]
[Round "5"]
[White "Orlov, Nikolay I"]
[Black "Strunin, Anton"]
[Result "1-0"]
[WhiteElo "2285"]
[BlackElo "1875"]
[PlyCount "87"]
[EventDate "2012.12.08"]
[EventType "swiss (rapid)"]
[EventRounds "9"]
[EventCountry "RUS"]
[SourceTitle "EXT 2015"]
[Source "ChessBase"]
[SourceDate "2014.11.20"]
[SourceVersion "1"]
[SourceVersionDate "2014.11.20"]
[SourceQuality "1"]

1. d4 d5 2. c4 e6 3. Nc3 Nf6 4. Bg5 Be7 5. e3 0-0 6. Nf3 b6 7. Rc1 Bb7 8. cxd5 Nxd5 9. Bxe7 Qxe7 10. Bd3 h6 11. 0-0 Nb4 12. Bb1 Nd7 13. a3 Na6 14. b4 c5 15. dxc5 bxc5 16. b5 Nc7 17. a4 Nf6 18. Ne5 Rfd8 19. Qc2 Ncd5 20. Ne4 Nxe4 21. Qxe4 Nf6 22. Qc2 Rac8 23. f3 Rd5 24. Nc4 Rh5 25. e4 e5 26. Rfd1 Ne8 27. Qd2 Qh4 28. g3 Qh3 29. Rc2 Nf6 30. Nd6 Rd8 31. Ba2 Rd7 32. Qg2 Qxg2+ 33. Kxg2 Ne8 34. Bxf7+ Rxf7 35. Nxf7 Kxf7 36. Rd7+ Ke6 37. Rxb7 Nd6 38. Rxa7 c4 39. Rxg7 Nc8 40. Rxc4 Nd6 41. Rc6 Rg5 42. Rxg5 hxg5 43. h4 gxh4 44. gxh4 1-0

[Event "Moscow op-A 04th"]
[Site "Moscow"]
[Date "2008.02.06"]
[Round "5"]
[White "Okara, Andrey"]
[Black "Orlov, Nikolay I"]
[Result "1-0"]
[WhiteElo "2402"]
[BlackElo "2303"]
[PlyCount "95"]
[EventDate "2008.02.02"]
[EventType "swiss"]
[EventRounds "9"]
[EventCountry "RUS"]
[SourceTitle "CBM 122 Extra"]
[Source "ChessBase"]
[SourceDate "2008.03.04"]
[SourceVersion "1"]
[SourceVersionDate "2008.03.04"]
[SourceQuality "1"]

1. e4 c5 2. Nf3 e6 3. d4 cxd4 4. Nxd4 a6 5. Bd3 Qb6 6. Nb3 Qc7 7. 0-0 Nf6 8. f4 d6 9. Be3 Be7 10. c4 Nbd7 11. Nc3 b6 12. a4 Nc5 13. a5 bxa5 14. Nxc5 dxc5 15. e5 Nd7 16. Qe2 Nb8 17. Ne4 Nc6 18. Qf2 Nb4 19. Bb1 0-0 20. Nf6+ gxf6 21. Qg3+ Kh8 22. exf6 Bxf6 23. Qh3 Bh4 24. Qxh4 f5 25. Qf2 Rg8 26. Bxc5 Rg6 27. Ra3 Bb7 28. Rg3 Rxg3 29. hxg3 Kg8 30. b3 Be4 31. Bxe4 fxe4 32. Bb6 Qc6 33. Bxa5 Nd3 34. Qd4 Qc5 35. Qxc5 Nxc5 36. Rb1 Nd3 37. Kf1 Kf7 38. Ke2 Rg8 39. Ke3 Rxg3+ 40. Kxe4 Nc5+ 41. Ke5 Nxb3 42. Bb6 Rc3 43. Bd4 Rd3 44. Bg1 a5 45. Rb2 Nd2 46. Rb7+ Kg6 47. c5 Rc3 48. Kxe6 1-0

[Event "Moscow op-A 04th"]
[Site "Moscow"]
[Date "2008.02.05"]
[Round "4"]
[White "Orlov, Nikolay I"]
[Black "Purtov, Andrei"]
[Result "1/2-1/2"]
[WhiteElo "2303"]
[BlackElo "2403"]
[PlyCount "124"]
[EventDate "2008.02.02"]
[EventType "swiss"]
[EventRounds "9"]
[EventCountry "RUS"]
[SourceTitle "CBM 122 Extra"]
[Source "ChessBase"]
[SourceDate "2008.03.04"]
[SourceVersion "1"]
[SourceVersionDate "2008.03.04"]
[SourceQuality "1"]

1. d4 Nf6 2. c4 g6 3. Nc3 Bg7 4. e4 d6 5. f3 0-0 6. Be3 e5 7. d5 Nh5 8. Nge2 f5 9. exf5 gxf5 10. Qc2 c5 11. dxc6 Nxc6 12. Nd5 Nf6 13. Nec3 Nxd5 14. Nxd5 Be6 15. Qd2 Rc8 16. Be2 Qh4+ 17. Bf2 Qh5 18. f4 Qf7 19. Rd1 exf4 20. 0-0 f3 21. Bxf3 Ne5 22. b3 Nxf3+ 23. gxf3 f4 24. Kh1 Kh8 25. Bd4 Be5 26. Qb2 Qh5 27. Ne7 Bh3 28. Nxc8 Bxf1 29. Rxf1 Rxc8 30. Qd2 Qh3 31. Rf2 Qf5 32. Rg2 a6 33. Rg4 Rf8 34. Qb2 Qf6 35. Bxe5 dxe5 36. Rg1 Re8 37. Rd1 Qf5 38. Rd5 Kg8 39. Qd2 Re7 40. Rd8+ Kg7 41. Qf2 Kf7 42. Qg1 Qg6 43. Qd1 Kg7 44. Rd6 Qf5 45. Rd2 Kh6 46. Qe1 Kh5 47. Rd5 Re8 48. c5 Kg6 49. b4 Kf7 50. Qd1 Re7 51. a4 h5 52. b5 axb5 53. axb5 h4 54. Rd8 e4 55. Qg1 Re8 56. Rxe8 Kxe8 57. Qb1 Qxc5 58. Qxe4+ Kd8 59. Qxb7 h3 60. Qg7 Qc1+ 61. Qg1 Qd2 62. Qg8+ Kc7 1/2-1/2

[Event "St Petersburg White Nights op"]
[Site "St Petersburg"]
[Date "2006.06.30"]
[Round "8"]
[White "Orlov, Vassily"]
[Black "Orlov, Nikolay I"]
[Result "1/2-1/2"]
[WhiteElo "2450"]
[BlackElo "2279"]
[PlyCount "57"]
[EventDate "2006.06.23"]
[EventType "swiss"]
[EventRounds "9"]
[EventCountry "RUS"]
[SourceTitle "CBM 112 Extra"]
[Source "ChessBase"]
[SourceDate "2006.07.14"]
[SourceVersion "1"]
[SourceVersionDate "2006.07.14"]
[SourceQuality "1"]

1. e4 c5 2. Nf3 e6 3. d4 cxd4 4. Nxd4 a6 5. Be2 Nf6 6. Nc3 Qc7 7. 0-0 Be7 8. f4 d6 9. Kh1 0-0 10. a4 b6 11. e5 dxe5 12. fxe5 Nfd7 13. Bf4 Bb7 14. Bd3 g6 15. Qe2 Nc5 16. Bc4 Nc6 17. Nxc6 Bxc6 18. Bh6 Nd7 19. Rae1 Bh4 20. Bxf8 Rxf8 21. Bxa6 Bxe1 22. Rxe1 Nc5 23. Bb5 Ba8 24. Rd1 Rd8 25. h3 Rxd1+ 26. Qxd1 Ne4 27. Qd4 Ng3+ 28. Kg1 Nf5 29. Qc4 1/2-1/2

[Event "St Petersburg White Nights op"]
[Site "St Petersburg"]
[Date "2006.06.23"]
[Round "1"]
[White "Orlov, Nikolay I"]
[Black "Lysiniuk, Leonid"]
[Result "1-0"]
[WhiteElo "2279"]
[BlackElo "2003"]
[PlyCount "107"]
[EventDate "2006.06.23"]
[EventType "swiss"]
[EventRounds "9"]
[EventCountry "RUS"]
[SourceTitle "CBM 112 Extra"]
[Source "ChessBase"]
[SourceDate "2006.07.14"]
[SourceVersion "1"]
[SourceVersionDate "2006.07.14"]
[SourceQuality "1"]

1. d4 d5 2. Nc3 Nf6 3. Bg5 Nbd7 4. Qd3 c6 5. 0-0-0 h6 6. Bf4 g5 7. Bg3 Nh5 8. e4 Nxg3 9. hxg3 e6 10. f4 Nb6 11. Nf3 Bg7 12. e5 g4 13. Nh4 Qe7 14. f5 exf5 15. Nxf5 Qg5+ 16. Ne3 Nc4 17. Re1 Be6 18. Kb1 Nxe3 19. Qxe3 Qe7 20. Rh5 0-0-0 21. Bd3 Rdg8 22. a3 Kb8 23. Bf5 Bf8 24. Reh1 Qd7 25. Qf3 b6 26. Qf4 Kb7 27. Rf1 Be7 28. Bxe6 fxe6 29. Rxh6 Rxh6 30. Qxh6 Bd8 31. Qh5 Rg7 32. Rf4 Rg5 33. Qh8 Kc7 34. Ka2 Rg7 35. a4 Rh7 36. Qg8 Rg7 37. Qh8 Rh7 38. Qf8 Rg7 39. Kb3 a6 40. Nd1 c5 41. dxc5 d4 42. Qd6+ Qxd6 43. cxd6+ Kc6 44. Kc4 b5+ 45. axb5+ axb5+ 46. Kxd4 Bb6+ 47. Ke4 b4 48. Ne3 Bxe3 49. Kxe3 b3 50. cxb3 Rb7 51. Rc4+ Kd5 52. Rd4+ Kc5 53. d7 Rxb3+ 54. Rd3 1-0

[Event "Chigorin Memorial 13th"]
[Site "St Petersburg"]
[Date "2005.10.22"]
[Round "8"]
[White "Orlov, Nikolay I"]
[Black "Sivokho, Sergey V"]
[Result "0-1"]
[WhiteElo "2283"]
[BlackElo "2473"]
[PlyCount "110"]
[EventDate "2005.10.15"]
[EventType "swiss"]
[EventRounds "9"]
[EventCountry "RUS"]
[SourceTitle "CBM 108 Extra"]
[Source "ChessBase"]
[SourceDate "2005.11.04"]
[SourceVersion "1"]
[SourceVersionDate "2005.11.04"]
[SourceQuality "1"]

1. d4 Nf6 2. Nf3 d5 3. c4 c6 4. e3 Bg4 5. Nc3 e6 6. Be2 Nbd7 7. 0-0 Bd6 8. b3 0-0 9. Bb2 Ne4 10. Nxe4 dxe4 11. Ne5 Bxe2 12. Qxe2 Bxe5 13. dxe5 Qg5 14. Qc2 Qf5 15. Qc3 f6 16. f4 Rf7 17. Qd4 b6 18. Qd1 h5 19. h3 Nc5 20. Bd4 Nd3 21. g4 hxg4 22. hxg4 Qg6 23. Qe2 c5 24. Bc3 Raf8 25. exf6 gxf6 26. Kg2 Rg7 27. Kg3 Kf7 28. Rh1 Rfg8 29. Rh4 Qf5 30. Rf1 Rh7 31. Rfh1 Rxg4+ 32. Qxg4 Qxg4+ 33. Kxg4 Nf2+ 34. Kg3 Nxh1+ 35. Kh3 Nf2+ 36. Kg3 Rxh4 37. Kxh4 Kg6 38. Bd2 Kf5 39. a4 a5 40. Kh5 Ng4 41. Bc1 e5 42. fxe5 Nxe5 43. Bd2 Nd3 44. Kh4 Kg6 45. Kg4 f5+ 46. Kg3 Kg5 47. Kh3 Nb4 48. Be1 f4 49. Bh4+ Kf5 50. Bd8 fxe3 51. Kg2 Nc2 52. Kf1 Kf4 53. Bxb6 Kf3 54. Bxa5 e2+ 55. Kg1 Nb4 0-1

[Event "Chigorin Memorial 13th"]
[Site "St Petersburg"]
[Date "2005.10.19"]
[Round "5"]
[White "Mukhlisov, Vladislav"]
[Black "Orlov, Nikolay I"]
[Result "0-1"]
[WhiteElo "2119"]
[BlackElo "2283"]
[PlyCount "102"]
[EventDate "2005.10.15"]
[EventType "swiss"]
[EventRounds "9"]
[EventCountry "RUS"]
[SourceTitle "CBM 108 Extra"]
[Source "ChessBase"]
[SourceDate "2005.11.04"]
[SourceVersion "1"]
[SourceVersionDate "2005.11.04"]
[SourceQuality "1"]

1. d4 d5 2. c4 e6 3. Nc3 Be7 4. Nf3 Nf6 5. e3 0-0 6. Qc2 b6 7. cxd5 exd5 8. Bd3 c5 9. 0-0 Nc6 10. a3 g6 11. b3 Be6 12. Ne2 Rc8 13. dxc5 bxc5 14. Nf4 Bg4 15. Bb2 d4 16. Nd2 Ne5 17. Bb5 Bf5 18. e4 Bd7 19. Be2 Qc7 20. Nd3 Bb5 21. Rac1 Nfg4 22. g3 Bxd3 23. Bxd3 Bg5 24. Kg2 Qb7 25. Rcd1 Rfe8 26. Nc4 Nxc4 27. bxc4 Ne5 28. f3 Rb8 29. Rb1 Qc6 30. h4 Be3 31. Be2 Nd7 32. h5 Rb6 33. Bc1 Rxb1 34. Qxb1 Rb8 35. Qc2 Bxc1 36. Qxc1 Qb6 37. hxg6 hxg6 38. Qf4 Qf6 39. Qc7 Qd8 40. Qxa7 Ra8 41. Qb7 Rxa3 42. Qd5 Ra2 43. Rf2 Qe7 44. Bd1 Rxf2+ 45. Kxf2 Nb6 46. Qc6 Nxc4 47. Be2 Ne5 48. Qc8+ Kg7 49. f4 Nd7 50. Bd3 Qe6 51. Kf3 Ne5+ 0-1

[Event "Voronezh op 6th"]
[Site "Voronezh"]
[Date "2002.06.14"]
[Round "3"]
[White "Ulko, Jaroslav"]
[Black "Orlov, Nikolay I"]
[Result "1-0"]
[WhiteElo "2479"]
[BlackElo "2366"]
[PlyCount "59"]
[EventDate "2002.06.12"]
[EventType "swiss"]
[EventRounds "9"]
[EventCountry "RUS"]
[SourceTitle "CBM 088 Extra"]
[Source "ChessBase"]
[SourceDate "2002.07.01"]
[SourceVersion "2"]
[SourceVersionDate "2002.07.01"]
[SourceQuality "1"]

1. d4 d5 2. c4 c6 3. Nf3 Nf6 4. Nc3 e6 5. Bg5 Be7 6. e3 Nbd7 7. Bd3 dxc4 8. Bxc4 Nd5 9. Bxe7 Qxe7 10. 0-0 0-0 11. Ne4 N5f6 12. Qc2 c5 13. Bb5 Nxe4 14. Qxe4 Nf6 15. Qe5 a6 16. Be2 cxd4 17. Nxd4 Bd7 18. Bf3 Qb4 19. Qc7 Rab8 20. a3 Qxb2 21. Rfb1 Qd2 22. Bxb7 Rfe8 23. Nf3 Qe2 24. Ne5 Ba4 25. Rb4 Bd1 26. Bxa6 Qe1+ 27. Bf1 Rxb4 28. axb4 Qd2 29. Qxf7+ Kh8 30. Ra7 1-0